Nuovissimo progetto italiano (Registro nro. 6373)
[ vista simple ]
| 000 -CABECERA | |
|---|---|
| campo de control de longitud fija | 00773cam a2200241Ii 4500 |
| 001 - NÚMERO DE CONTROL | |
| campo de control | Rebiun23166301 |
| 003 - IDENTIFICADOR DEL NÚMERO DE CONTROL | |
| campo de control | AR-RoIUNI |
| 005 - FECHA Y HORA DE LA ÚLTIMA TRANSACCIÓN | |
| campo de control | 20260203163856.0 |
| 008 - DATOS DE LONGITUD FIJA--INFORMACIÓN GENERAL | |
| campo de control de longitud fija | 260203s2019 it 000 0 ita d |
| 020 ## - NÚMERO INTERNACIONAL ESTÁNDAR DEL LIBRO | |
| Número Internacional Estándar del Libro | 9791259801180 |
| Información calificativa | Ed. per insegnanti |
| 040 ## - FUENTE DE LA CATALOGACIÓN | |
| Centro/agencia transcriptor | AR-RoIUNI |
| 080 ## - NÚMERO DE LA CLASIFICACIÓN DECIMAL UNIVERSAL | |
| Número de la Clasificación Decimal Universal | 811.131.1 |
| 100 1# - ENTRADA PRINCIPAL--NOMBRE DE PERSONA | |
| Nombre de persona | Cernigliaro, Maria Angela |
| 245 10 - MENCIÓN DE TÍTULO | |
| Título | Nuovissimo progetto italiano |
| Resto del título | Corso di lingua e civiltà italiana |
| Mención de responsabilidad, etc. | Maria Angela Cernigliaro, Telis Marin |
| Número de parte o sección de la obra | 4 |
| Nombre de parte o sección de la obra | C2, libro dello studente |
| 246 03 - FORMA VARIANTE DE TÍTULO | |
| Título propio/Titulo breve | Progetto italiano 4 |
| 250 ## - MENCIÓN DE EDICIÓN | |
| Mención de edición | 1a. ed., 1a. reimp. |
| 260 ## - PUBLICACIÓN, DISTRIBUCIÓN, ETC. (PIE DE IMPRENTA) | |
| Lugar de publicación, distribución, etc. | Roma |
| Nombre del editor, distribuidor, etc. | Edilingua |
| Fecha de publicación, distribución, etc. | 2022 |
| 300 ## - DESCRIPCIÓN FÍSICA | |
| Extensión | 252 p. |
| Otras características físicas | il. |
| Dimensiones | 29 cm + |
| Material acompañante/anejo | (1 CD) |
| 500 ## - NOTA GENERAL | |
| Nota general | En la cub.: Edizione per insegnanti |
| 650 00 - PUNTO DE ACCESO ADICIONAL DE MATERIA--TÉRMINO DE MATERIA | |
| Término de materia o nombre geográfico como elemento inicial | Italiano |
| Subdivisión general | Lengua |
| 9 (RLIN) | 544 |
| 700 ## - PUNTO DE ACCESO ADICIONAL--NOMBRE DE PERSONA | |
| Nombre de persona | Marin, Telis |
| 942 ## - ELEMENTOS DE PUNTO DE ACCESO ADICIONAL (KOHA) | |
| Fuente del sistema de clasificación o colocación | Clasificación Decimal Universal |
| Tipo de ítem Koha | Libros |
| Estado de retiro | Estado de pérdida | Fuente del sistema de clasificación o colocación | Estado dañado | Excepción de préstamo | Código de colección | Localización permanente | Ubicación/localización actual | Ubicación en estantería | Fecha de adquisición | Fuente de adquisición | Número de inventario | Total de préstamos | Signatura topográfica completa | Código de barras | Fecha visto por última vez | Precio válido a partir de | Tipo de ítem Koha |
|---|---|---|---|---|---|---|---|---|---|---|---|---|---|---|---|---|---|
| Clasificación Decimal Universal | Idiomas | BIBLIOTECA CENTRAL | BIBLIOTECA CENTRAL | BIBLIOTECA CENTRAL | 03/02/2026 | Donación | 9211 | 811.131.1 CER | 9211 | 03/02/2026 | 03/02/2026 | Libros |

